| 000 | 00574cam a2200181 a 4500 | ||
|---|---|---|---|
| 020 | _a1935501100 | ||
| 020 | _a9781935501107 | ||
| 082 | 0 | 0 |
_a355.00954 _bPRA |
| 100 | 1 |
_aPraval, K. C. _948608 |
|
| 245 | 1 | 0 |
_aIndian army after independence / _cK.C. Praval. |
| 260 |
_aNew Delhi ; _aFrankfort, IL : _bLancer, _c[2009?] |
||
| 300 |
_axvii, 583 p. : _bmaps ; _c23 cm. |
||
| 526 |
_a0 _b0 _c0 _d355_009540000000000_PRA |
||
| 650 |
_aMCE _9379 |
||
| 700 | 1 |
_aBhaduri, Shankar. _948609 |
|
| 856 | 4 | 2 | _uhttp://www.loc.gov/catdir/enhancements/fy1402/2009502368-b.html |
| 942 |
_2ddc _cBK |
||
| 999 |
_c551480 _d551480 |
||